[Event "Mazars op"]
[Site "Almelo"]
[Date "2006.04.15"]
[Round "5"]
[White "Richter, Christian"]
[Black "Struk, Pavel"]
[Result "1-0"]
[WhiteElo "2431"]
[BlackElo "2249"]
[PlyCount "77"]
[EventDate "2006.04.14"]
[EventType "swiss"]
[EventRounds "5"]
[EventCountry "NED"]
[SourceTitle "EXT 2007"]
[Source "ChessBase"]
[SourceDate "2006.11.23"]
[SourceVersion "1"]
[SourceVersionDate "2006.11.23"]
[SourceQuality "1"]

1. d4 Nf6 2. c4 e6 3. Nf3 d5 4. Nc3 Be7 5. Bf4 0-0 6. e3 Nbd7 7. a3 a6 8. c5 c6 9. Bd3 b6 10. b4 Bb7 11. h3 a5 12. 0-0 Qc8 13. Rb1 Ba6 14. Qc2 Bxd3 15. Qxd3 b5 16. a4 axb4 17. Rxb4 Ne4 18. axb5 cxb5 19. Rxb5 Qc6 20. Rfb1 Rfc8 21. Ne5 Nxe5 22. Bxe5 Bd8 23. Nxe4 dxe4 24. Qc2 f6 25. Bg3 Qd5 26. Rb8 Raxb8 27. Rxb8 Rxb8 28. Bxb8 Qb7 29. Bd6 Qc6 30. Qa2 Kf7 31. Qa7+ Kg6 32. Qb8 Ba5 33. Qg8 Qd7 34. Qa8 Bd8 35. Qxe4+ Kf7 36. Qxh7 Bc7 37. Qh5+ Kg8 38. Bxc7 Qxc7 39. Qe8+ 1-0

[Event "Kiev Independence Cup op"]
[Site "Kiev"]
[Date "1999.??.??"]
[Round "?"]
[White "Kiselev, Alexander"]
[Black "Struk, Pavel"]
[Result "1/2-1/2"]
[WhiteElo "2158"]
[BlackElo "2258"]
[PlyCount "37"]
[EventDate "1999.??.??"]
[EventType "swiss"]
[EventRounds "11"]
[EventCountry "UKR"]
[SourceTitle "EXT 2002"]
[Source "ChessBase"]
[SourceDate "2001.11.25"]
[SourceVersion "1"]
[SourceVersionDate "2001.11.25"]
[SourceQuality "1"]

1. e4 Nf6 2. Nc3 d5 3. exd5 Nxd5 4. Bc4 c6 5. Qf3 e6 6. Nge2 Nd7 7. d4 N7b6 8. Bb3 Nxc3 9. Qxc3 a5 10. a3 Bb4 11. axb4 axb4 12. Qg3 Rxa1 13. Qxg7 Kd7 14. Qxf7+ Qe7 15. Qh5 Rf8 16. 0-0 Nd5 17. f4 Qf7 18. Qf3 b6 19. c4 1/2-1/2

[Event "Kiev Independence Cup op"]
[Site "Kiev"]
[Date "1999.??.??"]
[Round "?"]
[White "Matjushin, Oleg"]
[Black "Struk, Pavel"]
[Result "1/2-1/2"]
[WhiteElo "2213"]
[BlackElo "2258"]
[PlyCount "118"]
[EventDate "1999.??.??"]
[EventType "swiss"]
[EventRounds "11"]
[EventCountry "UKR"]
[SourceTitle "EXT 2002"]
[Source "ChessBase"]
[SourceDate "2001.11.25"]
[SourceVersion "1"]
[SourceVersionDate "2001.11.25"]
[SourceQuality "1"]

1. d4 d5 2. Nf3 Nf6 3. c4 c6 4. Qc2 g6 5. e3 Bg7 6. Nc3 0-0 7. Bd2 Re8 8. Be2 Na6 9. 0-0 dxc4 10. Bxc4 b5 11. Be2 Be6 12. a3 Rc8 13. b4 Nc7 14. Ng5 Bd7 15. f4 Nfd5 16. Bd3 Nxc3 17. Bxc3 Nd5 18. Bd2 f5 19. Rac1 e5 20. dxe5 Bxe5 21. Rce1 Bf6 22. e4 Nxf4 23. Bxf4 Bxg5 24. Bxg5 Qxg5 25. exf5 Rxe1 26. Rxe1 Bxf5 27. Bxf5 Qxf5 28. Qxf5 gxf5 29. Re7 a5 30. bxa5 Ra8 31. Rc7 Rxa5 32. Rxc6 Rxa3 33. Rc5 b4 34. Rxf5 Ra2 35. Rb5 Rb2 36. h4 Kf7 37. Kh2 b3 38. Kh3 Rb1 39. Kg4 b2 40. Kh5 Kf6 41. g4 Kg7 42. Rb7+ Kg8 43. Kg5 Kf8 44. Rb6 Kg7 45. Rb3 Kg8 46. h5 Kg7 47. Rb7+ Kg8 48. Kh6 Rg1 49. Rb8+ Kf7 50. Rxb2 Rxg4 51. Kxh7 Rg7+ 52. Kh6 Rg1 53. Rb7+ Kg8 54. Rb8+ Kf7 55. Kh7 Rh1 56. h6 Rh2 57. Rb1 Rf2 58. Rb7+ Kf8 59. Rg7 Rf6 1/2-1/2

[Event "Kiev Independence Cup op"]
[Site "Kiev"]
[Date "1998.??.??"]
[Round "9"]
[White "Dobrovolsky, Yury"]
[Black "Struk, Pavel"]
[Result "1/2-1/2"]
[WhiteElo "2280"]
[BlackElo "2215"]
[PlyCount "24"]
[EventDate "1998.??.??"]
[EventType "swiss"]
[EventRounds "11"]
[EventCountry "UKR"]
[SourceTitle "EXT 2000"]
[Source "ChessBase"]
[SourceDate "1999.11.16"]
[SourceVersion "1"]
[SourceVersionDate "1999.11.16"]
[SourceQuality "1"]

1. e4 Nf6 2. e5 Nd5 3. d4 d6 4. Nf3 Nc6 5. Be2 dxe5 6. Nxe5 Nxe5 7. dxe5 Bf5 8. c4 Nb4 9. Qa4+ Nc6 10. 0-0 Qd4 11. Qb5 0-0-0 12. Bf3 a6 1/2-1/2

[Event "Kiev-ch"]
[Site "Kiev"]
[Date "1998.??.??"]
[Round "5"]
[White "Galinsky, Timofey"]
[Black "Struk, Pavel"]
[Result "1-0"]
[WhiteElo "2315"]
[BlackElo "2215"]
[PlyCount "105"]
[EventDate "1998.??.??"]
[EventType "swiss"]
[EventRounds "11"]
[EventCountry "UKR"]
[SourceTitle "EXT 2000"]
[Source "ChessBase"]
[SourceDate "1999.11.16"]
[SourceVersion "1"]
[SourceVersionDate "1999.11.16"]
[SourceQuality "1"]

1. e4 Nf6 2. e5 Nd5 3. d4 d6 4. c4 Nb6 5. exd6 exd6 6. Nc3 Be7 7. Nf3 0-0 8. Bd3 Nc6 9. h3 Nd7 10. 0-0 Nf6 11. Bf4 d5 12. c5 a6 13. a3 h6 14. b4 Be6 15. Bc2 Re8 16. Ne5 Bf8 17. Nxc6 bxc6 18. Qd2 Qd7 19. Be5 Nh7 20. Rfe1 Be7 21. Qd3 g6 22. Qg3 Bf5 23. Bxf5 Qxf5 24. Bxc7 Bf6 25. Be5 Bxe5 26. Rxe5 Rxe5 27. Qxe5 Qxe5 28. dxe5 Re8 29. Ne2 Ng5 30. Nd4 Rc8 31. Kf1 Kf8 32. Ke2 Ke8 33. Kd3 Kd7 34. f4 Ne6 35. Rf1 Rg8 36. g4 h5 37. f5 Nxd4 38. Kxd4 gxf5 39. gxf5 Rg3 40. e6+ Ke7 41. exf7 Rxa3 42. f8B+ Kxf8 43. Ke5 Rxh3 44. Kd6 Rb3 45. Kxc6 d4 46. Kd7 Rxb4 47. c6 d3 48. c7 Rd4+ 49. Kc6 Rc4+ 50. Kd6 Kf7 51. Rd1 Kf6 52. Rxd3 Kxf5 53. Rd5+ 1-0

[Event "Kiev-ch"]
[Site "Kiev"]
[Date "1998.??.??"]
[Round "8"]
[White "Struk, Pavel"]
[Black "Kernazhitsky, Leonid"]
[Result "1/2-1/2"]
[WhiteElo "2215"]
[BlackElo "2355"]
[PlyCount "73"]
[EventDate "1998.??.??"]
[EventType "swiss"]
[EventRounds "11"]
[EventCountry "UKR"]
[SourceTitle "EXT 2000"]
[Source "ChessBase"]
[SourceDate "1999.11.16"]
[SourceVersion "1"]
[SourceVersionDate "1999.11.16"]
[SourceQuality "1"]

1. e4 c5 2. Nf3 Nc6 3. Bb5 e6 4. Bxc6 bxc6 5. 0-0 Ne7 6. b3 Ng6 7. e5 Be7 8. Nc3 0-0 9. Ne4 f6 10. Bb2 fxe5 11. Nxe5 Nxe5 12. Bxe5 d6 13. Bg3 e5 14. Qe2 a5 15. d3 a4 16. Nc3 axb3 17. axb3 Rxa1 18. Rxa1 Qd7 19. Ra4 Bd8 20. f4 exf4 21. Rxf4 Bf6 22. Ne4 Bd4+ 23. Kh1 Re8 24. Qh5 d5 25. Nd6 g6 26. Qd1 Qxd6 27. Rxd4 Qf6 28. Rf4 Bf5 29. h3 Qe6 30. Qf1 Qe3 31. Qf2 Qxf2 32. Rxf2 c4 33. bxc4 dxc4 34. dxc4 Re3 35. Bd6 Rc3 36. c5 Rxc2 37. Rxc2 1/2-1/2

[Event "Kiev Independence Cup op"]
[Site "Kiev"]
[Date "1998.??.??"]
[Round "10"]
[White "Struk, Pavel"]
[Black "Nikolaev, Leonid"]
[Result "1/2-1/2"]
[WhiteElo "2215"]
[BlackElo "2280"]
[PlyCount "86"]
[EventDate "1998.??.??"]
[EventType "swiss"]
[EventRounds "11"]
[EventCountry "UKR"]
[SourceTitle "EXT 2000"]
[Source "ChessBase"]
[SourceDate "1999.11.16"]
[SourceVersion "1"]
[SourceVersionDate "1999.11.16"]
[SourceQuality "1"]

1. e4 c5 2. Nf3 g6 3. d4 cxd4 4. Nxd4 Bg7 5. Be3 Nf6 6. Nc3 Nc6 7. Be2 0-0 8. 0-0 d6 9. h3 Bd7 10. Nb3 a5 11. Qd2 a4 12. Nd4 a3 13. b3 Qa5 14. Rad1 Rfc8 15. Nxc6 Bxc6 16. f3 Nh5 17. Nb1 Qxd2 18. Rxd2 Ng3 19. Rfd1 Nxe2+ 20. Rxe2 b5 21. c3 Bd7 22. Bd4 Be6 23. Bxg7 Kxg7 24. Rdd2 Ra7 25. Rc2 d5 26. exd5 Bxd5 27. Nd2 Be6 28. g4 Rd7 29. Kf2 Rdc7 30. Nb1 Ra8 31. Nd2 Bd5 32. Nb1 f6 33. Nd2 g5 34. Ne4 Kf7 35. Ng3 e6 36. Red2 Rac8 37. Ne2 Ke7 38. Rd3 Ra7 39. Nd4 Rb8 40. Re2 Kf7 41. Red2 Rc7 42. Re3 Ra7 43. Nc2 Rc8 1/2-1/2

[Event "Kiev Independence Cup op"]
[Site "Kiev"]
[Date "1998.??.??"]
[Round "6"]
[White "Struk, Pavel"]
[Black "Nogin, Nikolai"]
[Result "1/2-1/2"]
[WhiteElo "2215"]
[BlackElo "2320"]
[PlyCount "71"]
[EventDate "1998.??.??"]
[EventType "swiss"]
[EventRounds "11"]
[EventCountry "UKR"]
[SourceTitle "EXT 2000"]
[Source "ChessBase"]
[SourceDate "1999.11.16"]
[SourceVersion "1"]
[SourceVersionDate "1999.11.16"]
[SourceQuality "1"]

1. e4 c5 2. Nf3 d6 3. Bb5+ Bd7 4. Bxd7+ Qxd7 5. c4 Nc6 6. d4 cxd4 7. Nxd4 Nf6 8. Nc3 g6 9. f3 Nxd4 10. Qxd4 Bg7 11. Qd3 0-0 12. 0-0 a6 13. Be3 Rab8 14. a4 b6 15. Rac1 Qb7 16. Nd5 Nxd5 17. cxd5 b5 18. Rc6 bxa4 19. Rb6 Qxb6 20. Bxb6 Rxb6 21. Ra1 Rc8 22. h4 Rb4 23. Qxa6 Bd4+ 24. Kh2 Rc2 25. Kh3 Rbxb2 26. Qxa4 e6 27. Qe8+ Kg7 28. Ra8 Kh6 29. Qf8+ Bg7 30. Qe7 Rxg2 31. Qxd6 Rg1 32. Re8 Kh5 33. e5 f5 34. f4 Rh1+ 35. Kg3 Rg1+ 36. Kf3 1/2-1/2

[Event "Kiev-ch"]
[Site "Kiev"]
[Date "1998.??.??"]
[Round "6"]
[White "Taborov, Boris"]
[Black "Struk, Pavel"]
[Result "1/2-1/2"]
[WhiteElo "2425"]
[BlackElo "2215"]
[PlyCount "104"]
[EventDate "1998.??.??"]
[EventType "swiss"]
[EventRounds "11"]
[EventCountry "UKR"]
[SourceTitle "EXT 2000"]
[Source "ChessBase"]
[SourceDate "1999.11.16"]
[SourceVersion "1"]
[SourceVersionDate "1999.11.16"]
[SourceQuality "1"]

1. e4 Nf6 2. e5 Nd5 3. d4 d6 4. Nf3 Nc6 5. c4 Nb6 6. e6 fxe6 7. Bd3 Nb4 8. Nc3 Nxd3+ 9. Qxd3 g6 10. Ng5 Bg7 11. Nxh7 Bxd4 12. Qxg6+ Kd7 13. Ne2 c5 14. Nxd4 cxd4 15. Ng5 Qg8 16. Qxg8 Rxg8 17. b3 e5 18. h4 Ke8 19. Ba3 Nd7 20. 0-0-0 b6 21. f4 Bb7 22. fxe5 dxe5 23. Rd2 Rc8 24. Kb2 Rc6 25. Re1 Rcg6 26. Rde2 Rxg5 27. hxg5 Rxg5 28. Kc1 e4 29. Rd2 e5 30. Rh1 Rg8 31. Rf2 e3 32. Rf5 d3 33. Rh3 Be4 34. Rfh5 Rxg2 35. Rxe3 Bg6 36. Rhh3 Bf5 37. Rhg3 d2+ 38. Kd1 Bg4+ 39. Rxg4 Rxg4 40. Kxd2 Rg2+ 41. Re2 Rxe2+ 42. Kxe2 Kf7 43. Bd6 Ke6 44. Bc7 Nc5 45. Ke3 Nd7 46. b4 Kf5 47. a4 Ke6 48. Kd3 a5 49. c5 Nxc5+ 50. bxc5 bxc5 51. Kc4 Kd7 52. Bxe5 Kc6 1/2-1/2